000 01545pam a2200385 i 4500
001 2233475
005 20260119101200.0
008 760417s1977 nyua b 001 0 eng
010 _a 76013591
020 _a0023071907
020 _a9780023071904
035 _a2233475
040 _aDLC
_cDLC
_dDLC
050 0 0 _aTA147
_b.B4 1977
082 0 0 _a620.0023 BEA'E
100 1 _aBeakley, George C.
110 _aH. W. Leach
_9132805
245 1 0 _aEngineering :
_ban introduction to a creative profession /
_cGeorge C. Beakley, H. W. Leach, with contributions by J. Karl Hedrick.
250 _a3d ed.
260 _aNew York :
_bMacmillan,
_cc1977.
300 _axii, 548 p. :
_bill. ;
_c26 cm.
336 _atext
_btxt
_2rdacontent
337 _aunmediated
_bn
_2rdamedia
338 _avolume
_bnc
_2rdacarrier
500 _aEdition for 1951, by H. W. Leach and G. C. Beakley, published under title: Elementary problems in engineering; edition for 1960, by H. W. Leach and G. C. Beakley, published under title: Engineering, the profession and elementary problem analysis.
504 _aIncludes bibliographical references and index.
650 0 _aEngineering
_xVocational guidance.
_940490
650 0 _aEngineering mathematics.
650 0 _aEngineering design.
700 1 _aLeach, H. W.,
_ejoint author.
700 1 _aLeach, H. W.
_tElementary problems in engineering.
_9132806
906 _a7
_bcbc
_corignew
_d1
_eocip
_f19
_gy-gencatlg
942 _2ddc
_cBK
999 _c615845
_d615845